Fateful decisions : inside the National Security Council /

Bibliographic Details
Other Authors: Inderfurth, Karl, Johnson, Loch K., 1942-
Format: Book
Language:English
Published: New York : Oxford University Press, 2004.
Subjects:
Online Access:Publisher description
Table of contents only

MARC

Tag First Indicator Second Indicator Subfields
LEADER 00000cam a22000004a 4500
001 in00002707721
005 20151202141735.0
008 030512s2004 nyua b 001 0 eng
010 |a  2003053585 
020 |a 0195159659 
020 |a 9780195159653 
020 |a 0195159667 (pbk.) 
020 |a 9780195159660 (pbk.) 
035 |a (OCoLC)ocm52334910 
040 |a DLC  |c DLC  |d TXA  |d UtOrBLW 
042 |a pcc 
043 |a n-us--- 
049 |a TXAM 
050 0 0 |a UA23.15  |b .F38 2004 
082 0 0 |a 355/.033073  |2 21 
245 0 0 |a Fateful decisions :  |b inside the National Security Council /  |c edited, with introductions, by Karl F. Inderfurth, Loch K. Johnson. 
264 1 |a New York :  |b Oxford University Press,  |c 2004. 
300 |a xix, 378 pages :  |b illustrations ;  |c 25 cm. 
336 |a text  |b txt  |2 rdacontent 
337 |a unmediated  |b n  |2 rdamedia 
338 |a volume  |b nc  |2 rdacarrier 
504 |a Includes bibliographical references (pages 371-374) and index. 
610 2 0 |a National Security Council (U.S.)  |x History  |v Sources. 
700 1 |a Inderfurth, Karl. 
700 1 |a Johnson, Loch K.,  |d 1942- 
856 4 2 |3 Publisher description  |u http://catdir.loc.gov/catdir/enhancements/fy0614/2003053585-d.html  |t 0 
856 4 1 |3 Table of contents only  |u http://catdir.loc.gov/catdir/enhancements/fy0614/2003053585-t.html  |t 0 
948 |a cataloged  |b h  |c 2011/8/9  |d c  |e dmitchel  |f 2:00:00 pm 
994 |a C0  |b TXA 
999 |a MARS 
999 f f |s 06e5972a-4f39-3804-b2b4-be737f35de99  |i 23a702a4-cfd9-3b9c-be4b-7730a6efc3f3  |t 0 
952 f f |p ric  |a Texas A&M University  |b Rellis Campus  |c Joint Library Facility  |s JLF  |d Remote Storage  |t 0  |e UA23.15 .F38 2004  |h Library of Congress classification  |i unmediated -- volume  |m A14839521666 
998 f f |a UA23.15 .F38 2004  |t 0  |l Remote Storage